Galdi rivelato : l'eclettismo di Vincenzo Galdi, fotografo e mercante d'arte /

সংরক্ষণ করুন:
গ্রন্থ-পঞ্জীর বিবরন
প্রধান লেখক: Dore, Tommaso
বিন্যাস: গ্রন্থ
ভাষা:ইতালিয়
প্রকাশিত: Roma : Italus, 2012
ট্যাগগুলো: ট্যাগ যুক্ত করুন
কোনো ট্যাগ নেই, প্রথমজন হিসাবে ট্যাগ করুন!

MARC

LEADER 00000nam a22000007i 4500
001 IT\ICCU\UBO\3969377
003 ItRI
005 20260115232354.0
008 121017s2012 it |||||| ||||| |||||c
040 |b ita  |c importazione bologna sebina 
041 7 |a ita  |2 ISO-639-2 
100 1 |a Dore, Tommaso  |0 IT\ICCU\RMLV\068601 
245 1 0 |a Galdi rivelato :  |b l'eclettismo di Vincenzo Galdi, fotografo e mercante d'arte /  |c Tommaso Dore. 
260 |a Roma :  |b Italus,  |c 2012 
300 |a 47 p. :  |b ill. ;  |c 24 cm 
500 |a Ed. limitata di 100 esemplari. 
942 |2 ddc  |c BK  |n 0 
952 |0 0  |1 0  |4 0  |6 DOC_770_920000000000000_DOR  |7 0  |9 24980  |a BO  |b BO  |d 2026-01-15  |i 16612  |l 0  |o DOC 770.92 DOR  |p BO16612  |r 2026-01-15 23:23:54  |w 2026-01-15  |x [Sebina 5] [1 v.]  |y BK  |z 1 v. (Esempl. n. 27) 
999 |c 21225  |d 21225